000 00784nam a2200217 a 4500
003 AM-YEHGA
001 1415431
005 20250617164415.0
008 181019s1962 ru a||||r|||||000|1|rus||
040 _aAM-YeHGA
041 1 _arus
_hchm
100 1 _aИванов, Вениамин Михайлович
245 1 0 _aВесна :
_bПовести /
_cВениамин Иванов ; Перевод В. Муравьева ; Ил.: А.И. Бутов.
260 _aЙошкар-Ола :
_bМаркнигоиздат,
_c1962.
300 _a164 с. :
_bил. ;
_c21 см.
650 1 4 _aМарийская литература
_xПроза
700 1 _aБутов, А.И.
_eил.
_4ill
700 1 _aМуравьев, В.
_eпер.
_4trl
942 _2udc
_cBK
090 _c526789
999 _c523183
_d523183